000
00223 a2200097 4500
001
47734
100
_a
Penfield W
245
_a
The mystery of the mind
260
_a
London
_b
Princeton university
_c
090
_c
30738
_d
30738
942
_a
NUST-CAE
_c
M
_c
23045
999
_c
282807
_d
282807